000 00567nam a2200157 i 4500
001 78434
003 ES-MaACL
005 20230906173711.0
007 t|
008 041014s1914 fr ||||1| fre d
100 1 _aHauriou, Maurice.
_962103
245 1 0 _aPrécis de Droit administratif et de Droit public a l'usage des etudiants en licence (2e et 3e annees) et en doctorat és sciences politiques /
_cpar Maurice Hauriou.
260 _a[S.l. :
_bs.n.,
_c1914] (
_eBar-le-Duc :
_fContant Laguerre)
300 _aXXXII, 1032 p. ;
_c22 cm.
852 _aES-MaACL
_jF-15152
999 _c78434
_d78434